000 00878nam a2200217Ia 4500
999 _c39841
_d39841
001 6446
003 GE_BSU
005 20191015121631.0
008 181216s2003||||ge |||||||||||||| ||geo||
040 _cGE_BSU
041 _ageo
080 _a821.353.1-1 ბ-52
100 _aბერიაშვილი, ბერდია
_94710
245 _aმთვარის საქანელა :
_bლექსები /
_cბერდია ბერიაშვილი ; რედ. გრ. აბაშიძე.
264 _aთბილისი :
_bლიტერატურა და ხელოვნება ;
_c1968.
300 _a52 გვ. ;
_c17 სმ.
653 _aმთვარის საქანელა
653 _aლექსები
700 _aაბაშიძე, გრ.
_eრედაქტორი
_94404
942 _cBK
_2udc